000 00334 a2200169 4500
001 192140
020 _a978-85-260-2208-9
040 _cMagnum
100 _aBandeira, Manuel
240 1 0 _aOpus 10
_lpor
245 1 0 _aOpus 10
300 _a87
362 0 _a2015
440 1 _aGlobal
697 _aLITERATURA GERAL
942 _cBK
999 _c192140
_d192140